<?xml version="1.0" encoding="UTF-8"?><?xml-stylesheet type="text/xsl" href="static/style.xsl"?><OAI-PMH xmlns="http://www.openarchives.org/OAI/2.0/" xmlns:xsi="http://www.w3.org/2001/XMLSchema-instance" xsi:schemaLocation="http://www.openarchives.org/OAI/2.0/ http://www.openarchives.org/OAI/2.0/OAI-PMH.xsd"><responseDate>2026-06-30T05:21:53Z</responseDate><request verb="GetRecord" identifier="oai:riubu.ubu.es:10259/8257" metadataPrefix="marc">https://riubu.ubu.es/oai/request</request><GetRecord><record><header><identifier>oai:riubu.ubu.es:10259/8257</identifier><datestamp>2024-01-10T01:05:28Z</datestamp><setSpec>com_10259_8253</setSpec><setSpec>com_10259_5086</setSpec><setSpec>com_10259_2604</setSpec><setSpec>col_10259_8254</setSpec></header><metadata><record xmlns="http://www.loc.gov/MARC21/slim" xmlns:doc="http://www.lyncode.com/xoai" xmlns:xsi="http://www.w3.org/2001/XMLSchema-instance" xmlns:dcterms="http://purl.org/dc/terms/" xsi:schemaLocation="http://www.loc.gov/MARC21/slim http://www.loc.gov/standards/marcxml/schema/MARC21slim.xsd">
<leader>00925njm 22002777a 4500</leader>
<datafield tag="042" ind1=" " ind2=" ">
<subfield code="a">dc</subfield>
</datafield>
<datafield tag="720" ind1=" " ind2=" ">
<subfield code="a">Martín Arribas, Juan José</subfield>
<subfield code="e">author</subfield>
</datafield>
<datafield tag="260" ind1=" " ind2=" ">
<subfield code="c">2022-06</subfield>
</datafield>
<datafield tag="520" ind1=" " ind2=" ">
<subfield code="a">Hace años que los “chicos   malos” del club europeo vulneran los valores fundamentales de la Unión Europea, mediante su corrupción, sus ataques a la independencia de sus  jueces  y  de  sus  fiscales, a  los medios de comunicación social y, por terminar, a colectivos sociales vulnerables, tales como los migrantes o el colectivo LGTBIQ+. Pues bien, en este trabajo se  analizan  los  valores  fundamentales  del  artículo  2  del  TUE  y  los  instrumentos  políticos, jurisdiccionales y económicos que vienen utilizando las instituciones europeas con unos resultados y una eficacia bastante relativos ante hechos muchas veces ya consumados.</subfield>
</datafield>
<datafield tag="520" ind1=" " ind2=" ">
<subfield code="a">For years, the "bad guys" of the European club have violated the fundamental values of the  European  Union, through their corruption, their attacks on the independence of its judges and prosecutors, the media and, finally, vulnerable social groups, such as migrants or the LGTBIQ+ collective. Well, in this paper we analyze the fundamental values of article 2 of the TEU and the political,  jurisdictional and economic instruments that the European institutions have been using with quite relative results and effectiveness in the face of events that are often already accomplished.</subfield>
</datafield>
<datafield tag="024" ind2=" " ind1="8">
<subfield code="a">2530-9854</subfield>
</datafield>
<datafield tag="024" ind2=" " ind1="8">
<subfield code="a">http://hdl.handle.net/10259/8257</subfield>
</datafield>
<datafield tag="024" ind2=" " ind1="8">
<subfield code="a">10.24197/ree.80.2022.1-38</subfield>
</datafield>
<datafield tag="024" ind2=" " ind1="8">
<subfield code="a">2530-9854</subfield>
</datafield>
<datafield ind1=" " ind2=" " tag="653">
<subfield code="a">Valores fundamentales de la Unión</subfield>
</datafield>
<datafield ind1=" " ind2=" " tag="653">
<subfield code="a">Artículo 2 del TUE</subfield>
</datafield>
<datafield ind1=" " ind2=" " tag="653">
<subfield code="a">Dispositivos del artículo 7 del TUE</subfield>
</datafield>
<datafield ind1=" " ind2=" " tag="653">
<subfield code="a">Procedimiento contra un Estado miembro por incumplimiento</subfield>
</datafield>
<datafield ind1=" " ind2=" " tag="653">
<subfield code="a">Mecanismo de la condicionalidad financiera</subfield>
</datafield>
<datafield ind1=" " ind2=" " tag="653">
<subfield code="a">Fundamental values of the Union</subfield>
</datafield>
<datafield ind1=" " ind2=" " tag="653">
<subfield code="a">Article 2 TEU</subfield>
</datafield>
<datafield ind1=" " ind2=" " tag="653">
<subfield code="a">Devices of article 7 TEU</subfield>
</datafield>
<datafield ind1=" " ind2=" " tag="653">
<subfield code="a">Proceedings against a Member State for failure to fulfil</subfield>
</datafield>
<datafield ind1=" " ind2=" " tag="653">
<subfield code="a">Mechanism of the financial conditionality</subfield>
</datafield>
<datafield tag="245" ind1="0" ind2="0">
<subfield code="a">Las instituciones frente a los “chicos malos” del club europeo</subfield>
</datafield>
</record></metadata></record></GetRecord></OAI-PMH>